[Event "Bundesliga 9394"]
[Site "Germany"]
[Date "1994.??.??"]
[Round "?"]
[White "Hjartarson, Johann"]
[Black "Lanka, Zigurds"]
[Result "1-0"]
[WhiteElo "2595"]
[BlackElo "2540"]

1.e4 c5 2.Nf3 Nc6 3.d4 cxd4 4.Nxd4 Nf6 5.Nc3 d6 6.Bg5 e6 7.Qd2 a6 8.O-O-O h6
9.Be3 Qc7 10.f4 Bd7 11.Bd3 b5 12.Kb1 Na5 13.Rhf1 Nc4 14.Bxc4 Qxc4 15.Qd3 Qxd3
16.cxd3 b4 17.Nce2 g6 18.Rc1 Bg7 19.Rc7 O-O 20.Bd2 e5 21.Nc6 Bg4 22.Ng3 exf4
23.Bxf4 Ne8 24.Rb7 a5 25.Be3 Be6 26.Ne2 Nf6 27.Bd4 Bg4 28.Nf4 Nh5 29.Ne7+ Kh7
30.Bxg7 Nxg7 31.h3 g5 32.hxg4 gxf4 33.Rxf4 Ne6 34.Rf3 Ra6 35.Nd5 Kg7 36.Ne3 Kg6
37.Nf5 Kg5 38.Rb5 Nc7 39.Rb7 Ne6 40.Rd7 Nf4 41.Nxd6 Kxg4 42.Nxf7 Re6 43.Nd6 Ng6
44.Nf5 Kg5 45.Rd5 Re5 46.Rg3+ Kf4 47.Rf3+ Kg5 48.Rd6 Ne7 49.Nd4 Rc8 50.Rg3+ Kh4
51.Rg7  1-0

[Event "GER CupT"]
[Site "Germany"]
[Date "1994.??.??"]
[Round "?"]
[White "Borriss, Martin"]
[Black "Shirov, Alexei"]
[Result "1/2-1/2"]
[WhiteElo "2375"]
[BlackElo "2685"]

1.e4 c5 2.Nf3 d6 3.d4 cxd4 4.Nxd4 Nf6 5.Nc3 Nc6 6.Bg5 e6 7.Qd2 a6 8.O-O-O h6
9.Bf4 Bd7 10.Nxc6 Bxc6 11.f3 d5 12.Qe1 Bb4 13.a3 Ba5 14.Bd2 Qe7 15.e5 Nd7
16.Kb1 Bb6 17.Qg3 g6 18.Bd3 Bc5 19.h4 b5 20.h5 g5 21.f4 gxf4 22.Qxf4 b4 23.axb4 Bxb4
24.Nxd5 Bxd2 25.Nxe7 Bxf4 26.Nxc6 Nxe5 27.Bxa6 Nxc6 28.Bb7 Ke7 29.Bxc6 Ra7
30.Rhe1 Rb8 31.Re4 Bg5 32.Rc4 Bf6 33.c3 Rc7 34.b4 Bxc3 35.Rxc3 Rxb4+ 36.Kc2 Ra7
37.Rd2 f5 38.Kd1 Rh4 39.Bf3 e5 40.Rc6 e4 41.Rxh6 Ra1+ 42.Ke2 exf3+ 43.Kxf3 Ra3+
44.Kf2 Rf4+  1/2-1/2

[Event "BL2-N9394"]
[Site "Germany"]
[Date "1994.??.??"]
[Round "?"]
[White "Behnk, Rolf"]
[Black "Schirm, Friedmar"]
[Result "1-0"]
[WhiteElo "2320"]
[BlackElo "2295"]

1.e4 c5 2.Nf3 Nc6 3.d4 cxd4 4.Nxd4 Nf6 5.Nc3 d6 6.Bg5 e6 7.Qd2 Be7 8.O-O-O Nxd4
9.Qxd4 O-O 10.h4 Bd7 11.h5 Qa5 12.Bh4 Bc6 13.h6 e5 14.Qe3 g6 15.f3 Rfc8 16.Kb1 Qd8
17.Bc4 Nd7 18.g3 Nb6 19.Bb3 g5 20.f4 gxh4 21.fxe5 Qf8 22.Rhf1 Be8 23.e6 f6
24.g4 Rc5 25.Rxd6 Kh8 26.Qxc5 Bxd6 27.Qd4 Be7 28.g5 Rd8 29.Nd5 Nxd5 30.exd5 Bb5
31.gxf6 Bc5 32.Qc3 Bb4 33.Qc7 Bxf1 34.Qg7+ Qxg7 35.fxg7+ Kg8 36.d6 Bc4 37.Bxc4  1-0

[Event "BL2-N9394"]
[Site "Germany"]
[Date "1994.??.??"]
[Round "?"]
[White "Hracek, Zbynek"]
[Black "Lagunow, Alexander"]
[Result "1-0"]
[WhiteElo "2510"]
[BlackElo "2405"]

1.e4 c5 2.Nf3 d6 3.d4 cxd4 4.Nxd4 Nf6 5.Nc3 Nc6 6.Bg5 e6 7.Qd2 a6 8.O-O-O h6
9.Be3 Be7 10.f3 Nxd4 11.Bxd4 b5 12.Kb1 Rb8 13.Qe3 Bd7 14.e5 dxe5 15.Bxe5 Qb6
16.Qe1 Rb7 17.Ne4 Nxe4 18.Qxe4 Bc6 19.Qg4 Rg8 20.Bd3 g6 21.h4 Bd5 22.Qf4 Qc5
23.Bd4 g5 24.Qe3 Qb4 25.Bh7 Qa5 26.b3 Rf8 27.hxg5 hxg5 28.Bg7 f5 29.Rxd5 exd5
30.Bxf8 Kxf8 31.Qe6  1-0

[Event "BL2-N9394"]
[Site "Germany"]
[Date "1994.??.??"]
[Round "?"]
[White "Stolz, Mike"]
[Black "Lagunow, Alexander"]
[Result "1-0"]
[WhiteElo "2265"]
[BlackElo "2405"]

1.e4 c5 2.Nf3 d6 3.d4 cxd4 4.Nxd4 Nf6 5.Nc3 Nc6 6.Bg5 e6 7.Qd2 a6 8.O-O-O h6
9.Bf4 Bd7 10.Nxc6 Bxc6 11.f3 d5 12.Qe1 Bb4 13.Bd2 Qe7 14.a3 Ba5 15.exd5 Nxd5
16.Nxd5 Bxd2+ 17.Qxd2 Bxd5 18.Qb4 Rc8 19.Bd3 Rc5 20.Rhe1 Qc7 21.Rd2 O-O 22.f4 Bc4
23.Be4 b5 24.g3 f5 25.Bg2 a5 26.Qc3 b4 27.Qe3 Rc8 28.Kb1 Kh8 29.Red1 Bb5
30.Qxe6 bxa3 31.Qxc8+ Qxc8 32.Rd8+ Kh7 33.Rxc8 Rxc8 34.bxa3 Ba4 35.Rd2 Rc3
36.Kb2 Re3 37.Bh3 g6 38.Bf1 g5 39.fxg5 hxg5 40.Rf2 f4 41.gxf4 gxf4 42.Bd3+ Kg7
43.Rxf4 Bd7 44.Re4 Rxe4 45.Bxe4 Kf6 46.h4 Bg4 47.Kc3 Bh5 48.Kd4 Ke6 49.c4  1-0

[Event "Bundesliga 9394"]
[Site "Germany"]
[Date "1994.??.??"]
[Round "?"]
[White "Beuchler, Holger"]
[Black "Wegener, Dirk"]
[Result "0-1"]
[WhiteElo "2220"]
[BlackElo "2295"]

1.e4 c5 2.Nf3 Nc6 3.d4 cxd4 4.Nxd4 Nf6 5.Nc3 d6 6.Bg5 e6 7.Qd2 a6 8.O-O-O h6
9.Bxf6 Qxf6 10.g3 Bd7 11.Bh3 Nxd4 12.Qxd4 Qxd4 13.Rxd4 h5 14.Rhd1 h4 15.g4 Bc6
16.R4d3 g5 17.Bf1 Bg7 18.h3 Be5 19.Bg2 Rc8 20.Kb1 b5 21.Ne2 Bb7 22.c3 f5
23.gxf5 exf5 24.f3 fxe4 25.fxe4 O-O 26.Nd4 Rf2 27.Bh1 Rh2 28.Nf5 Rf8 29.Nh6+ Kg7
30.Ng4 Rxh1 31.Rxh1 Bxe4 32.Rd1 Rf1  0-1

[Event "BL2-S9394"]
[Site "Germany"]
[Date "1994.??.??"]
[Round "?"]
[White "Werner, Marc"]
[Black "Syska, Albert"]
[Result "1-0"]
[WhiteElo "2335"]
[BlackElo "2290"]

1.e4 c5 2.Nf3 d6 3.d4 cxd4 4.Nxd4 Nf6 5.Nc3 Nc6 6.Bg5 e6 7.Qd2 a6 8.O-O-O Bd7
9.f3 Qa5 10.Be3 b5 11.Kb1 Nxd4 12.Qxd4 h5 13.a3 Be7 14.Be2 Rb8 15.Na2 O-O
16.Bd2 Qd8 17.Bb4 d5 18.e5 Ne8 19.f4 Bxb4 20.Nxb4 a5 21.Nxd5 Bc6 22.Ne3 Qe7
23.Bxh5 b4 24.axb4 Rxb4 25.c4 Qb7 26.Bf3 Nc7 27.Bxc6 Qxc6 28.Rd2 Na6 29.Rhd1 Nc5
30.Rc2 Nb3 31.Qd7 Qe4 32.Qd3 Qxf4 33.c5 Qxe5 34.c6 Qc7 35.Qd7 Ra4 36.Rc3 Qb6
37.c7 Ra1+ 38.Kc2 Rxd1 39.Kxd1 Nc5 40.Qe7 Rc8 41.Qxc5 Qxb2 42.Rd3  1-0

[Event "BL2-S9394"]
[Site "Germany"]
[Date "1994.??.??"]
[Round "?"]
[White "Zeller, Frank"]
[Black "Baum, Bernd"]
[Result "1-0"]
[WhiteElo "2330"]
[BlackElo "2290"]

1.e4 c5 2.Nf3 Nc6 3.d4 cxd4 4.Nxd4 Nf6 5.Nc3 d6 6.Bg5 Bd7 7.Be2 Qa5 8.Bxf6 gxf6
9.Nb3 Qg5 10.g3 f5 11.f4 Qh6 12.Bf3 Bg7 13.Qd2 O-O 14.O-O fxe4 15.Bxe4 Rac8
16.Rae1 Rfe8 17.Nd1 Be6 18.c3 a5 19.Ne3 a4 20.Nc1 Na5 21.a3 Nc4 22.Nxc4 Bxc4
23.Bd3 Qh5 24.f5 Bh6 25.Qc2 b5 26.Bxc4 Rxc4 27.Nd3 Bg5 28.Qg2 Rb8 29.Kh1 Qh6
30.Nb4 Qf8 31.Re4 Qc8 32.h4 Bf6 33.Nd5 Kg7 34.Rff4  1-0

[Event "BL2-W9394"]
[Site "Germany"]
[Date "1994.??.??"]
[Round "?"]
[White "Emunds, Hans Georg"]
[Black "Heinbuch, Detlef"]
[Result "0-1"]
[WhiteElo "2250"]
[BlackElo "2370"]

1.e4 c5 2.Nf3 Nc6 3.d4 cxd4 4.Nxd4 Nf6 5.Nc3 d6 6.Bg5 e6 7.Qd2 a6 8.O-O-O Bd7
9.f4 h6 10.Bh4 g5 11.fxg5 Ng4 12.Bg3 hxg5 13.Be2 Nge5 14.Nxc6 Bxc6 15.Qd4 Qc7
16.h4 gxh4 17.Rxh4 Rxh4 18.Bxh4 Be7 19.Bxe7 Kxe7 20.Bf3 Rh8 21.a4 Bd7 22.b3 Qc5
23.Ne2 Rh2 24.Nf4 Qxd4 25.Rxd4 Bc6 26.Rd2 Rh1+ 27.Kb2 Rf1 28.Nd3 Nxf3 29.gxf3 Rxf3
30.Re2 e5 31.Kc3 f6 32.Kd2 d5 33.exd5 Bxd5 34.Rh2 Rg3 35.Rh7+ Kd6 36.Nb4 Be4
37.Rf7 Ke6 38.Rc7 f5 39.Nd3 Bc6 40.Rh7 e4 41.Nc5+ Ke5 42.Nxb7 Kd4  0-1

[Event "NRW-Liga II 9394"]
[Site "Germany"]
[Date "1994.??.??"]
[Round "?"]
[White "Forchert, Martin"]
[Black "Schoen, Wolfram"]
[Result "1-0"]
[WhiteElo "2280"]
[BlackElo "2390"]

1.e4 c5 2.Nf3 Nc6 3.d4 cxd4 4.Nxd4 Nf6 5.Nc3 d6 6.Bg5 e6 7.Qd2 a6 8.O-O-O Bd7
9.Be2 h6 10.Bh4 Rc8 11.f4 Be7 12.Nb3 b5 13.Bxf6 gxf6 14.Bh5 b4 15.Ne2 Na5
16.Ned4 Nc4 17.Qe2 Kf8 18.Nd2 Nxd2 19.Rxd2 Qb6 20.Kb1 a5 21.Rf1 a4 22.Rf3 Rg8
23.Qe3 Qc5 24.Rh3 a3 25.Nb3 Qxe3 26.Rxe3 axb2 27.Kxb2 Bc6 28.Bf3 Kg7 29.Rd4 e5
30.Rxb4 d5 31.exd5 Bxb4 32.dxc6 exf4 33.Rd3 Rgd8 34.Nd4 Bc5 35.Nb5 Rxd3 36.cxd3 Kf8
37.d4 Bb6 38.d5 Rb8 39.Kc2 Bc5 40.c7 Rc8 41.Bg4  1-0

[Event "Giessen Feb-IM"]
[Site "Giessen"]
[Date "1994.??.??"]
[Round "9"]
[White "Roeberg, Frank"]
[Black "Mohandesi, Shahin"]
[Result "0-1"]
[WhiteElo "2310"]
[BlackElo "2305"]

1.e4 c5 2.Nf3 d6 3.d4 cxd4 4.Nxd4 Nf6 5.Nc3 Nc6 6.Bg5 e6 7.Qd2 a6 8.O-O-O Bd7
9.Be2 h6 10.Bh4 Be7 11.f4 Nxd4 12.Qxd4 Bc6 13.Bf3 g5 14.fxg5 e5 15.Qc4 Nh7
16.g6 fxg6 17.Bg3 Qc8 18.Rhf1 Nf6 19.Qb3 Rf8 20.h3 b5 21.Rf2 Qb7 22.Rdf1 O-O-O
23.Bh4 g5 24.Bg3 Kb8 25.Re1 h5 26.Qe6 Rde8 27.Qb3 g4 28.hxg4 hxg4 29.Bd1 b4
30.Rxf6 Bxf6 31.Nd5 Bxd5 32.exd5 Bg5+ 33.Kb1 Bf4 34.Bh4 Bd2 35.Rh1 Qb5 36.a4 bxa3
37.Qxa3 Kc7 38.Bf2 Re7 39.Bh4 Ref7  0-1

[Event "Goch op"]
[Site "Goch"]
[Date "1994.??.??"]
[Round "1"]
[White "Van der Biezen, W."]
[Black "Kistella, Roman"]
[Result "0-1"]
[WhiteElo "1770"]
[BlackElo "2310"]

1.e4 c5 2.Nf3 d6 3.d4 cxd4 4.Nxd4 Nf6 5.Nc3 Nc6 6.Bg5 e6 7.Qd2 a6 8.Be2 Bd7
9.f4 h6 10.Bxf6 Qxf6 11.Nf3 g5 12.fxg5 hxg5 13.O-O-O g4 14.e5 Qh6 15.Ng5 Nxe5
16.Nce4 f5 17.Nf2 Rg8 18.h4 gxh3 19.Nfxh3 Be7 20.Kb1 Rd8 21.Nxe6 Qxe6 22.Nf4 Qf6
23.Nd5 Qg5 24.Rh7 Qxd2 25.Rxe7+ Kf8 26.Rxd2 Rxg2 27.Kc1 Rg1+ 28.Rd1 Rxd1+
29.Kxd1 Bc6  0-1

[Event "Graz op"]
[Site "Graz"]
[Date "1994.??.??"]
[Round "7"]
[White "Timoshenko, Georgy"]
[Black "Wittmann, Walter"]
[Result "1-0"]
[WhiteElo "2550"]
[BlackElo "2390"]

1.e4 c5 2.Nf3 d6 3.d4 cxd4 4.Nxd4 Nf6 5.Nc3 Nc6 6.Bg5 Bd7 7.Qd2 Nxd4 8.Qxd4 h6
9.Bxf6 gxf6 10.Bc4 Qa5 11.O-O Rc8 12.Bb3 Qc5 13.Qd2 h5 14.Kh1 h4 15.h3 e6
16.f4 Be7 17.f5 a6 18.Qe2 Qe5 19.Qg4 Kd8 20.Qg7 Kc7 21.Qxf7 Rcg8 22.Rf3 Kd8
23.Bxe6 Be8 24.Qxg8 Rxg8 25.Bxg8 d5 26.Nxd5 Bd6 27.Nf4 Bh5 28.Rf2 Qxb2 29.Raf1 Be8
30.c3 Qa3 31.Nd5 Bb5 32.Rd1 Ba4 33.Rb1 Be5 34.Ne3 Qxc3 35.Ng4 Bd4 36.Rff1 Qd3
37.Bb3 Bc6 38.Rbd1 Qe2 39.Rfe1 Qb2 40.Rxd4+ Ke7 41.Red1  1-0

[Event "Graz op"]
[Site "Graz"]
[Date "1994.??.??"]
[Round "9"]
[White "Timoshenko, Georgy"]
[Black "Kozul, Zdenko"]
[Result "1-0"]
[WhiteElo "2550"]
[BlackElo "2550"]

1.e4 c5 2.Nf3 d6 3.d4 cxd4 4.Nxd4 Nf6 5.Nc3 Nc6 6.Bg5 e6 7.Qd2 a6 8.O-O-O Bd7
9.f3 Nxd4 10.Qxd4 Qa5 11.h4 Rc8 12.Kb1 Be7 13.Qd2 h6 14.Be3 e5 15.g3 Be6
16.Bh3 Rc4 17.Bxe6 fxe6 18.g4 h5 19.gxh5 Nxh5 20.Qg2 Qc7 21.Qg6+ Kd7 22.Rd3 Qb8
23.Rhd1 Qg8 24.Ne2 Rc6 25.f4 exf4 26.Nxf4 Nxf4 27.Bxf4 Kc7 28.Bg3 Rh6 29.Qg4 Qf7
30.e5 Rg6 31.exd6+ Bxd6 32.Bxd6+ Rxd6 33.Qxg6 Qxg6 34.Rxd6 Qg4 35.R6d4 Qe2
36.b3 b5 37.Rd7+ Kc8 38.R7d2 Qh5 39.Rd8+ Kc7 40.R1d7+ Kc6 41.Rd6+ Kc5 42.Rxa6 Qxh4
43.Rd1 Qg4 44.Re1 g5 45.Raxe6 Qg2 46.c3  1-0

[Event "GRE-ch"]
[Site "?"]
[Date "1994.??.??"]
[Round "3"]
[White "Pandavos, Panayotis"]
[Black "Kofidis, Andreas"]
[Result "1-0"]
[WhiteElo "2380"]
[BlackElo "2385"]

1.e4 c5 2.Nf3 Nc6 3.d4 cxd4 4.Nxd4 Nf6 5.Nc3 d6 6.Bg5 e6 7.Qd2 h6 8.Be3 a6
9.O-O-O Qc7 10.f3 Bd7 11.g4 Rc8 12.h4 b5 13.Kb1 Ne5 14.Bd3 b4 15.Nce2 d5
16.g5 dxe4 17.gxf6 exd3 18.cxd3 gxf6 19.Rc1 Qb7 20.Rxc8+ Bxc8 21.Rc1 Bd7
22.Ng3 Be7 23.Ne4 Qd5 24.Rc5 Qb7 25.Nb3 Nxf3 26.Qg2 f5 27.Qg7 Rf8 28.Nf6+ Kd8
29.Na5 Qb8 30.Rc6 Bxf6 31.Qxf8+  1-0

[Event "Groningen"]
[Site "Groningen"]
[Date "1994.??.??"]
[Round "4"]
[White "Georgiev, Kiril"]
[Black "Van der Wiel, John TH"]
[Result "1/2-1/2"]
[WhiteElo "2615"]
[BlackElo "2555"]

1.e4 c5 2.Nf3 d6 3.d4 cxd4 4.Nxd4 Nf6 5.Nc3 Nc6 6.Bg5 e6 7.Qd2 a6 8.O-O-O Bd7
9.f4 h6 10.Bh4 g5 11.fxg5 Ng4 12.Nf3 hxg5 13.Bg3 Be7 14.Kb1 Nge5 15.Bd3 Nxf3
16.gxf3 Qc7 17.h4 gxh4 18.Qf2 O-O-O 19.Bxh4 Bxh4 20.Rxh4 Rdf8 21.f4 Rxh4
22.Qxh4 Qd8 23.Qf2 Rh8 24.a3 Qc7 25.Rg1 Kb8 26.Qg3 Ne7 27.Rd1  1/2-1/2

[Event "Groningen op"]
[Site "Groningen"]
[Date "1994.??.??"]
[Round "6"]
[White "Dvoirys, Semen I"]
[Black "Van Doeland, Julius H"]
[Result "1-0"]
[WhiteElo "2535"]
[BlackElo "2310"]

1.e4 c5 2.Nf3 d6 3.d4 cxd4 4.Nxd4 Nf6 5.Nc3 Nc6 6.Bg5 e6 7.Qd2 a6 8.O-O-O Bd7
9.f4 h6 10.Bxf6 Qxf6 11.Nf3 Qd8 12.f5 Be7 13.Bc4 Qa5 14.fxe6 fxe6 15.Kb1 Qc5
16.Bb3 Na5 17.Na4 Nxb3 18.cxb3 Qa7 19.Ne5 Rf8 20.Nxd7 Kxd7 21.Qa5 Ke8 22.Nb6 Rd8
23.Qh5+ Rf7 24.Rhf1 Bf6 25.Nc4 Qb8 26.e5 dxe5 27.Rxd8+ Qxd8 28.Nxe5 Qc7 29.Nxf7 Qxf7
30.Qxf7+ Kxf7 31.Kc2 Ke7 32.b4 Be5 33.h3 Bd4 34.b3 Be5 35.Kd3 Bd6 36.a3 Ke8
37.Kc4 b5+ 38.Kd4 Ke7 39.g4 Ke8 40.Rf3 Ke7 41.h4 Ke8 42.g5  1-0

[Event "Hania op"]
[Site "Hania"]
[Date "1994.??.??"]
[Round "3"]
[White "Vydeslaver, Alik"]
[Black "Atalik, Suat"]
[Result "1-0"]
[WhiteElo "2350"]
[BlackElo "2535"]

1.e4 c5 2.Nf3 d6 3.d4 cxd4 4.Nxd4 Nf6 5.Nc3 Nc6 6.Bg5 e6 7.Qd2 a6 8.O-O-O h6
9.Be3 Be7 10.f4 Bd7 11.Bd3 b5 12.h3 O-O 13.g4 Nxd4 14.Bxd4 Bc6 15.Qg2 b4
16.Ne2 Qa5 17.Kb1 e5 18.fxe5 dxe5 19.Be3 Rfd8 20.Ng3 Nd5 21.Nf5 Bf8 22.Bc4 Nf4
23.Qf3 Rxd1+ 24.Rxd1 Bb5 25.Bxf7+ Kxf7 26.Bxf4 Bc4 27.b3 exf4 28.Qxf4 Kg8
29.bxc4 Re8 30.Rd7 Qe5 31.Nxh6+ Kh7 32.Qxe5 Rxe5 33.Rf7 Rc5 34.h4 Kxh6 35.Rxf8  1-0

[Event "SWE-ch"]
[Site "Haparanda"]
[Date "1994.??.??"]
[Round "4"]
[White "Sanden, Stefan"]
[Black "Wikner, Arvid"]
[Result "1-0"]
[WhiteElo "2345"]
[BlackElo "2230"]

1.e4 c5 2.Nf3 d6 3.d4 cxd4 4.Nxd4 Nf6 5.Nc3 Nc6 6.Bg5 e6 7.Qd2 Be7 8.O-O-O O-O
9.Nb3 Qb6 10.Kb1 Ng4 11.Bxe7 Nxe7 12.f3 Nf2 13.Na4 Qc6 14.Qxf2 Qxa4 15.Rxd6 Nc6
16.Qc5 a6 17.Qc4 Qxc4 18.Bxc4 Ne5 19.Be2 g5 20.Rhd1 Re8 21.Nc5 Kf8 22.Na4 Rb8
23.Nb6 Ke7 24.a4 Rh8 25.b4 h5 26.b5 axb5 27.axb5 f6 28.Kb2 h4 29.Kb3 Nf7
30.R6d3 Rd8 31.Rxd8 Nxd8 32.c4 e5 33.Nd5+ Kf7 34.Nxf6 Ne6 35.Nd7 Bxd7 36.Rxd7+ Kf6
37.Kb4 b6 38.g3 hxg3 39.hxg3 Nc5 40.Rd6+ Ne6 41.Bf1 Ke7 42.Rd5 Kf6 43.Bh3 Nd4
44.Bg4 Rb7 45.Rd6+ Kf7 46.Kc3 Ne2+ 47.Kd2 Nd4 48.Kd3 Nb3 49.Rd8 Ra7 50.Rb8 Nc5+
51.Ke2 Rb7 52.Rh8 Kg7 53.Re8 Kf6 54.Bf5 Ra7 55.Rb8 Ra2+ 56.Kf1 Nb3 57.Rxb6+ Ke7
58.Re6+ Kf7 59.c5 Nd2+ 60.Ke1 Nxf3+ 61.Kd1 Ra1+ 62.Kc2 Nd4+ 63.Kb2 Ra5 64.Rxe5 Rxb5+
65.Kc3 Ne2+ 66.Kc4 Rb1 67.g4 Rc1+ 68.Kb5 Nd4+ 69.Kb6 Rb1+  1-0

[Event "SWE-ch"]
[Site "Haparanda"]
[Date "1994.??.??"]
[Round "12"]
[White "Jonsson, Mikael"]
[Black "Schneider, Lars Ake"]
[Result "1-0"]
[WhiteElo "2320"]
[BlackElo "2440"]

1.e4 c5 2.Nf3 Nc6 3.d4 cxd4 4.Nxd4 Nf6 5.Nc3 d6 6.Bg5 e6 7.Qd2 a6 8.O-O-O Bd7
9.f4 Be7 10.Nf3 b5 11.Bxf6 gxf6 12.f5 Qb6 13.fxe6 fxe6 14.g3 b4 15.Ne2 Qf2
16.Nfd4 Nxd4 17.Qxd4 Qxd4 18.Nxd4 Bf8 19.Bc4 Ke7 20.Rd3 Bh6+ 21.Kb1 Rhc8
22.b3 Rc5 23.Rhd1 Bf8 24.Nf3 Ke8 25.Rd4 a5 26.Bd3 Rac8 27.Nd2 e5 28.Rd5 Be6
29.Rxc5 Rxc5 30.Bc4 d5 31.exd5 Bxd5 32.Rf1 Ke7 33.Bd3 h6 34.Kc1 Rc7 35.Kd1 Be6
36.Bf5 Rd7 37.Ke2 Rd4 38.Bxe6 Kxe6 39.Nc4 a4 40.Ne3 axb3 41.axb3 h5 42.Ra1 f5
43.Ra8 Be7 44.Rh8 h4 45.Rh5 hxg3 46.hxg3 f4 47.Rh6+ Bf6 48.Ng4 Kf5 49.Nxf6 fxg3
50.Kf3 Kg5 51.Ng8 g2 52.Kxg2 Rd2+ 53.Kf1 Rxc2 54.Rb6 Kf4 55.Rxb4+ Kf3 56.Ke1 Ke3
57.Kd1 Kd3 58.Rg4 Rd2+ 59.Kc1 Rf2 60.Rg3+ Kd4 61.Ne7 e4 62.Nc6+ Kc5 63.Ne5 Kb4
64.Nc4 Re2 65.Kd1 Ra2 66.Nd2 Ra1+ 67.Ke2 Ra2 68.Re3  1-0

[Event "SWE-ch"]
[Site "Haparanda"]
[Date "1994.??.??"]
[Round "12"]
[White "Ernst, Thomas"]
[Black "Degerman, Lars"]
[Result "1/2-1/2"]
[WhiteElo "2480"]
[BlackElo "2465"]

1.e4 c5 2.Nf3 d6 3.d4 cxd4 4.Nxd4 Nf6 5.Nc3 Nc6 6.Bg5 e6 7.Qd2 a6 8.O-O-O h6
9.Bf4 Bd7 10.Nxc6 Bxc6 11.f3 d5 12.Qe1 Bb4 13.a3 Ba5 14.exd5 Nxd5 15.b4 Nxf4
16.Rxd8+ Bxd8 17.h4 O-O 18.Qe3 Bc7 19.Kb1 Rfd8 20.g4 Rd6 21.Be2 Nd5 22.Nxd5 exd5
23.g5 Re6 24.Qd2 Bb6 25.Bd3 Be3  1/2-1/2

[Event "Harkany op"]
[Site "Harkany"]
[Date "1994.??.??"]
[Round "6"]
[White "Kutuzovic, Branko"]
[Black "Feher, Gyula"]
[Result "1-0"]
[WhiteElo "2375"]
[BlackElo "2410"]

1.e4 c5 2.Nf3 Nc6 3.d4 cxd4 4.Nxd4 Nf6 5.Nc3 d6 6.Bg5 e6 7.Qd2 Be7 8.O-O-O O-O
9.Nb3 Qb6 10.f3 Rd8 11.Be3 Qc7 12.Qf2 Nd7 13.Nb5 Qb8 14.h4 a6 15.N5d4 Nc5
16.g4 Nxb3+ 17.Nxb3 b5 18.g5 Bd7 19.h5 Ne5 20.Rg1 Nc4 21.f4 Nxe3 22.Qxe3 Qa7
23.Qg3 Rac8 24.g6 fxg6 25.hxg6 h6 26.Bh3 Qc7 27.Nd4 Kh8 28.Qb3 d5 29.Nxe6 Bxe6
30.Bxe6 Qxf4+ 31.Kb1 Rc4 32.Bxd5 Rb4 33.Qd3 Bf6 34.c3 Qe5 35.Rgf1 Qxc3 36.Qxc3 Bxc3
37.Bb3 Bd4 38.Rf3 Rd6 39.a3  1-0

[Event "Harkany op"]
[Site "Harkany"]
[Date "1994.??.??"]
[Round "9"]
[White "Kutuzovic, Branko"]
[Black "Wells, Peter K"]
[Result "1/2-1/2"]
[WhiteElo "2375"]
[BlackElo "2490"]

1.e4 c5 2.Nf3 Nc6 3.d4 cxd4 4.Nxd4 Nf6 5.Nc3 d6 6.Bg5 e6 7.Qd2 Be7 8.O-O-O O-O
9.f4 Nxd4 10.Qxd4 Qa5 11.Bc4 Bd7 12.e5 dxe5 13.fxe5 Bc6 14.Bd2 Nd7 15.Nd5 Qc5
16.Nxe7+ Qxe7 17.Rhe1 Rfd8 18.Qg4 Nf8 19.Bf1 Qc5 20.Qb4 Qf2 21.Qf4 Qb6 22.Qg3 Rac8
23.h4 Qc5 24.Qe3 Rd4 25.Bd3 Bd5 26.Kb1 Rxh4 27.Qg3 Ra4 28.a3 Ng6 29.Bb4 Rxb4
30.axb4 Qxb4 31.Qf2 Qa4  1/2-1/2

[Event "Helsinki-ch"]
[Site "Helsinki"]
[Date "1994.??.??"]
[Round "?"]
[White "Nouro, Mikael"]
[Black "Niemela, Antti"]
[Result "0-1"]
[WhiteElo "2245"]
[BlackElo "2165"]

1.e4 c5 2.Nf3 d6 3.d4 cxd4 4.Nxd4 Nf6 5.Nc3 Nc6 6.Bg5 e6 7.Qd2 a6 8.O-O-O h6
9.Be3 Be7 10.f4 Bd7 11.Kb1 b5 12.Bd3 Qc7 13.h3 Na5 14.g4 Nc4 15.Bxc4 Qxc4
16.Qd3 Rc8 17.a3 b4 18.Qxc4 Rxc4 19.axb4 Rxb4 20.e5 dxe5 21.fxe5 Nh7 22.Nb3 Bc6
23.Rh2 Ng5 24.Bc5 Rxb3 25.Bxe7 Rb8 26.Ba3 Ne4 27.Nxe4 Bxe4 28.Rd6 a5 29.Rhd2 Bd5
30.Ra6 Ra8 31.Rxa8+ Bxa8 32.Rd6 O-O 33.Ra6 Rc8 34.Rxa5 Bg2 35.Ra4 Bxh3 36.Rd4 f5
37.exf6 gxf6 38.Kc1 e5 39.Ra4 Kf7 40.Kd2 Rg8 41.Ra7+ Ke6 42.Rh7 Rxg4 43.Rxh6 Rg2+
44.Ke3 Bg4 45.c4 Be2 46.c5 Bb5 47.Rh7 Re2+ 48.Kf3 e4+ 49.Kf4 Bc6 50.Rh3 Kd5
51.Rh8 Rf2+ 52.Ke3 Rf3+ 53.Kd2 Bb5 54.Rd8+ Ke5 55.Bb4 Rf2+ 56.Kc3 e3 57.Kb3 e2
58.Bc3+ Ke6 59.Kb4 Bd7 60.Ra8 Rf4+ 61.Kb3 Rf1 62.Ra6+ Ke7 63.Ra7 Rc1 64.Bb4 Kd8
65.Bd2 Rxc5 66.Ra1 Be6+ 67.Kb4 Rc4+ 68.Kb5 Rd4 69.Ba5+ Ke8 70.Re1 Bg4 71.Bb6 Rd1
72.Bf2 f5 73.b4 f4 74.Kc4 f3 75.b5 Bf5 76.b6 Be4 77.Kb5 Kd7 78.Ka6 Ke6 79.b7 Bxb7+
80.Kxb7 Kd5 81.Kb6 Ke4 82.Kc5 Rxe1 83.Bxe1 Ke3  0-1

[Event "FIN-ch"]
[Site "Helsinki"]
[Date "1994.??.??"]
[Round "?"]
[White "Hartikainen, Markku"]
[Black "Pulkkinen, Kari"]
[Result "1/2-1/2"]
[WhiteElo "2235"]
[BlackElo "2360"]

1.e4 c5 2.Nf3 d6 3.d4 cxd4 4.Nxd4 Nf6 5.Nc3 Nc6 6.Bg5 e6 7.Qd2 a6 8.O-O-O Bd7
9.Bc4 h6 10.Bxf6 Qxf6 11.Kb1 Qxd4 12.Qxd4 Nxd4 13.Rxd4 Be7 14.Re1 Rc8 15.Bb3  1/2-1/2

[Event "EU-ch U16 Girls"]
[Site "Herculane"]
[Date "1994.??.??"]
[Round "5"]
[White "Dworakowska, Joanna"]
[Black "Tkeshelashvili, Sofia"]
[Result "1/2-1/2"]
[WhiteElo "2190"]
[BlackElo "2235"]

1.e4 c5 2.Nf3 d6 3.d4 cxd4 4.Nxd4 Nf6 5.Nc3 Nc6 6.Bg5 e6 7.Qd2 a6 8.O-O-O h6
9.Bf4 Bd7 10.Nxc6 Bxc6 11.f3 d5 12.Qe1 Bb4 13.a3 Bxc3 14.Qxc3 O-O 15.g4 Rc8
16.Be3 Nd7 17.e5 Ba4 18.Qd2 Qc7 19.c3 Nc5 20.Kb1 Nb3 21.Qg2 Qe7 22.Bd3 Nc5
23.Bc2 Bxc2+ 24.Qxc2 b5 25.h4 Nd7 26.h5 f6 27.Qe2 fxe5  1/2-1/2

[Event "Horgen SKA"]
[Site "Horgen"]
[Date "1994.??.??"]
[Round "8"]
[White "Landenbergue, Claude"]
[Black "Schlosser, Philipp"]
[Result "1-0"]
[WhiteElo "2450"]
[BlackElo "2510"]

1.e4 c5 2.Nf3 d6 3.d4 cxd4 4.Nxd4 Nf6 5.Nc3 Nc6 6.Bg5 a6 7.Qd2 e6 8.O-O-O h6
9.Be3 Be7 10.Kb1 Bd7 11.f4 b5 12.Bd3 Qc7 13.h3 Na5 14.Qf2 b4 15.Nce2 Nc4
16.Bc1 a5 17.g4 a4 18.Qg2 a3 19.b3 Nb2 20.g5 hxg5 21.fxg5 Nh5 22.g6 f6 23.Qf3 Ra5
24.h4 Nxd1 25.Rxd1 f5 26.exf5 e5 27.Ne6 Bxe6 28.fxe6 Nf6 29.Ng3 d5 30.Qf1 Kf8
31.Nf5 Qb6 32.Be2 Qxe6 33.h5 Kg8 34.h6 Ne4 35.Nxe7+ Qxe7 36.h7+ Rxh7 37.gxh7+ Kh8
38.Bd2 Ra8 39.Qe1 Rb8 40.Bf3 Nxd2+ 41.Qxd2 Qc5 42.Bxd5 Rd8 43.Qd3 e4 44.Qd4 Qe7
45.c4 bxc3 46.Qxc3 e3 47.Bf3 Rxd1+ 48.Bxd1 Qe4+ 49.Qc2 Qd4 50.Be2 g6 51.Bd3 Kxh7
52.Bxg6+ Kg7 53.Bd3 Kf8 54.Bc4 Qg4 55.Qd3 Qg2 56.Qf1+  1-0

[Event "HUN-chT 9394"]
[Site "?"]
[Date "1994.??.??"]
[Round "?"]
[White "Almasi, Istvan"]
[Black "Varga, Zoltan"]
[Result "1/2-1/2"]
[WhiteElo "2370"]
[BlackElo "2290"]

1.e4 c5 2.Nf3 Nc6 3.d4 cxd4 4.Nxd4 Nf6 5.Nc3 d6 6.Bg5 e6 7.Qd2 Be7 8.O-O-O O-O
9.f4 h6 10.Bh4 Nxd4 11.Qxd4 Qa5 12.e5 dxe5 13.Qxe5 Qxe5 14.fxe5 Nd5 15.Bxe7 Nxe7
16.Bb5  1/2-1/2

[Event "HUN-chT 9394"]
[Site "?"]
[Date "1994.??.??"]
[Round "?"]
[White "Tolnai, Tibor"]
[Black "Banas, Jan"]
[Result "1/2-1/2"]
[WhiteElo "2410"]
[BlackElo "2390"]

1.e4 c5 2.Nf3 Nc6 3.d4 cxd4 4.Nxd4 Nf6 5.Nc3 d6 6.Bg5 e6 7.Qd2 a6 8.O-O-O Bd7
9.f4 h6 10.Bxf6 Qxf6 11.Nf3 Qd8 12.Kb1 Qc7 13.g4 O-O-O 14.h4 Kb8 15.g5 g6
16.Bh3 Bc8 17.f5 gxf5 18.exf5 d5 19.fxe6 fxe6 20.Rde1 Bb4 21.a3 Ba5 22.Nd4 Nxd4  1/2-1/2

[Event "HUN-chT 9394"]
[Site "?"]
[Date "1994.??.??"]
[Round "?"]
[White "Fogarasi, Tibor"]
[Black "Groszpeter, Attila"]
[Result "1-0"]
[WhiteElo "2415"]
[BlackElo "2525"]

1.e4 c5 2.Nf3 d6 3.d4 cxd4 4.Nxd4 Nf6 5.Nc3 Nc6 6.Bg5 e6 7.Qd2 a6 8.O-O-O h6
9.Be3 Be7 10.f4 Bd7 11.Kb1 b5 12.Bd3 O-O 13.Rhe1 Qc7 14.e5 dxe5 15.Nxc6 Bxc6
16.fxe5 b4 17.Ne2 Ne4 18.Qc1 Bd5 19.Nd4 Nc3+ 20.bxc3 bxc3 21.Bxh6 Bxa2+ 22.Kxa2 Qa5+
23.Kb1 Rfb8+ 24.Nb3 Qa4 25.Re4 Rxb3+ 26.cxb3 Qxb3+ 27.Ka1 gxh6 28.Rg4+ Bg5
29.h4 Rb8 30.Bc2 Qb5 31.hxg5 h5 32.Rgd4 Qa5+ 33.Ra4 Qxe5 34.Qa3 Kg7 35.Qd6 Qb5
36.Rb1 Qe2  1-0

[Event "HUN-chT 9394"]
[Site "?"]
[Date "1994.??.??"]
[Round "?"]
[White "Lengyel, Bela"]
[Black "Sarosi, Zoltan"]
[Result "1/2-1/2"]
[WhiteElo "2345"]
[BlackElo "2355"]

1.e4 c5 2.Nf3 Nc6 3.d4 cxd4 4.Nxd4 Nf6 5.Nc3 d6 6.Bg5 Qb6 7.Nb3 e6 8.Be2 Be7
9.O-O a6 10.Qd2 Qc7 11.Rad1 b5 12.Bxf6 gxf6 13.a4 b4 14.Na2 Rb8 15.f4 h5
16.Kh1 h4 17.Bf3 Qb6 18.Nac1 Bd7 19.Ne2 e5 20.f5 Nd8 21.Ra1 a5 22.Qd5 Nb7
23.c3 Nc5 24.Nxc5 Qxc5 25.Qxc5 dxc5 26.c4 Bc6 27.b3 Bf8 28.Rad1 Rd8 29.Rxd8+ Kxd8
30.Rd1+ Ke7 31.Kg1 Bh6 32.Kf2 Bg5 33.Rd3 Rh7  1/2-1/2

[Event "HUN-chT2 9394"]
[Site "?"]
[Date "1994.??.??"]
[Round "?"]
[White "Berecz, Arpad"]
[Black "Csaba, Arpad"]
[Result "1/2-1/2"]
[WhiteElo "2205"]
[BlackElo "2235"]

1.e4 c5 2.Nf3 Nc6 3.d4 cxd4 4.Nxd4 Nf6 5.Nc3 d6 6.Bg5 e6 7.Qd2 a6 8.O-O-O h6
9.Bf4 Bd7 10.Nxc6 Bxc6 11.Qe1 Qa5 12.f3 Rd8 13.Bc4 Qb4 14.Bb3 d5 15.Be5 dxe4
16.Rxd8+ Kxd8 17.Bxf6+ gxf6 18.fxe4 Rg8 19.Qf2 f5 20.Rd1+ Kc7 21.exf5 Rxg2
22.Qe3 Bd6 23.Qd3 Qf4+ 24.Kb1 Qxh2 25.fxe6 fxe6 26.Bxe6 Rg1 27.a3 h5 28.Ka2 Rxd1
29.Qxd1 Qe5 30.Bc4 h4 31.Nd5+ Kb8 32.Bb3 h3 33.c4 Bf8 34.Nb4 Bxb4 35.Qd8+ Ka7
36.axb4 h2 37.b5 axb5 38.Qa5+ Kb8 39.Qd8+  1/2-1/2